000 00326nam a22001457a 4500
008 221012b ||||| |||| 00| 0 eng d
020 _a9780801663260
041 _aeng
080 _2FOURTH EDITION
_a610.73
082 _a610.73
100 _a9
101 _aINF
245 _aNURSING MANAGEMENT
_cTOMEY A
942 _2udc
_cBK
999 _c58524
_d58524